000 00266nam a2200109Ia 4500
008 190912s9999||||xx |||||||||||||| ||und||
100 _aJeff Rule
245 0 _aDynamic HTML the HTML Developer's Guide
260 _aUSA
_bMcGraw Hill
_c2000
300 _a265
942 _cBK
999 _c7459
_d7459